Endocrinologia (Record no. 116871)

MARC details
000 -LEADER
campo de control de longitud fija 00665nam a2200205 i 4500
001 - NÚMERO DE CONTROL
campo de control 116871
003 - IDENTIFICADOR DE NÚMERO DE CONTROL
campo de control ES-MaACL
005 - FECHA Y HORA DE LA ÚLTIMA TRANSACCIÓN
campo de control 20230906190801.0
007 - CAMPO FIJO DE DESCRIPCIÓN FÍSICA--INFORMACIÓN GENERAL
campo de control de longitud fija t|
008 - DATOS DE LONGITUD FIJA--INFORMACIÓN GENERAL
campo de control de longitud fija 061121s1923 it a |||| | ita d
100 1# - ENTRADA PRINCIPAL--NOMBRE DE PERSONA
Nombre de persona Pende, Nicola.
9 (RLIN) 90160
245 10 - MENCIÓN DEL TÍTULO
Título Endocrinologia
Resto del título : patologia e clinica degli organi a secrezione interna /
Mención de responsabilidad, etc. Nicola Pende ; prefazione G. Viola ; con appendice di radioterapia M. Bertolotti.
250 ## - MENCION DE EDICION
Mención de edición 3ª ed.
260 ## - PUBLICACIÓN, DISTRIBUCIÓN, ETC.
Lugar de publicación, distribución, etc. Milano :
Nombre del editor, distribuidor, etc. Francesco Vallardi,
Fecha de publicación, distribución, etc. 1923.
300 ## - DESCRIPCIÓN FÍSICA
Extensión 2 v. ;
Dimensiones 24 cm.
650 #4 - PUNTO DE ACCESO ADICIONAL DE MATERIA--TÉRMINO DE MATERIA
Término de materia o nombre geográfico como elemento de entrada Endocrinología.
9 (RLIN) 144424
700 1# - ENTRADA AGREGADA--NOMBRE PERSONAL
Nombre de persona Viola, G.
9 (RLIN) 115408
700 1# - ENTRADA AGREGADA--NOMBRE PERSONAL
Nombre de persona Bertolotti, M.
9 (RLIN) 28482
852 ## - LOCALIZACIÓN
Ubicación ES-MaACL
Número de control de estantería B-11378
Holdings
Estatus retirado Estado de pérdida Estado de daño No para préstamo Biblioteca de origen Biblioteca actual Ubicación en estantería Fecha de adquisición Fuente de adquisición Total de préstamos Signatura topográfica completa Código de barras Visto por última vez Precio de reemplazo Tipo de ítem Koha
        Biblioteca del Ateneo de Madrid Biblioteca del Ateneo de Madrid Sala Pardo Bazán 17/01/2008     B-11378 1121858 23/02/2023 23/02/2023 Libro impreso